[Event "Valencia tch - Division de Honor"]
[Site "Comunidad Valenciana"]
[Date "2009.02.07"]
[Round "5.2"]
[White "Kovacevic, Slobodan"]
[Black "Sanchez Jerez, Emilio"]
[Result "1-0"]
[WhiteElo "2389"]
[BlackElo "2185"]
[PlyCount "89"]
[EventDate "2009.01.10"]
[EventType "team"]
[EventRounds "9"]
[EventCountry "ESP"]
[Source "lmi"]
[SourceDate "2009.01.10"]
[WhiteTeam "Burjassot"]
[BlackTeam "Oliva"]

1. d4 Nf6 2. Nf3 g6 3. Bg5 Bg7 4. Nbd2 O-O 5. c3 d5 6. e3 Nbd7 7. b4 Re8 8. Be2
e5 9. h3 h6 10. Bh4 e4 11. Nh2 h5 12. c4 a5 13. b5 Bh6 14. Nhf1 c5 15. bxc6
bxc6 16. c5 a4 17. a3 Qa5 18. Bg3 Ba6 19. Bxa6 Qxa6 20. Qc2 Bf8 21. Rb1 Be7 22.
Bf4 Nh7 23. h4 Nhf8 24. Rb2 Ne6 25. Bg3 f5 26. Nb1 Bf6 27. Bd6 f4 28. Qe2 Qa5+
29. Qd2 Qa6 30. Qe2 Qa5+ 31. Rb4 f3 32. gxf3 Nxd4 33. exd4 exf3 34. Qxe8+ Rxe8+
35. Kd1 Re4 36. Nfd2 Rxd4 37. Rxd4 Bxd4 38. Nxf3 Bxf2 39. Rh2 Bxc5 40. Rg2 Bxd6
41. Rxg6+ Kf7 42. Rxd6 Ke7 43. Rxd7+ Kxd7 44. Ne5+ Ke7 45. Nxc6+ 1-0

[Event "Valencia tch - Division de Honor"]
[Site "Comunidad Valenciana"]
[Date "2009.02.07"]
[Round "5.3"]
[White "Mengual Bolo, Carlos"]
[Black "Mompo Ballester, Vicente"]
[Result "0-1"]
[WhiteElo "2109"]
[BlackElo "2228"]
[PlyCount "64"]
[EventDate "2009.01.10"]
[EventType "team"]
[EventRounds "9"]
[EventCountry "ESP"]
[Source "lmi"]
[SourceDate "2009.01.10"]
[WhiteTeam "Oliva"]
[BlackTeam "Burjassot"]

1. e4 c5 2. Nc3 Nc6 3. f4 g6 4. Nf3 Bg7 5. Bc4 d6 6. d3 Nf6 7. O-O O-O 8. h3
Na5 9. Bb3 Nxb3 10. axb3 Bd7 11. Qe1 e6 12. Qh4 Nh5 13. Qf2 f5 14. g3 Bc6 15.
exf5 exf5 16. Be3 Re8 17. Kh2 b6 18. Rad1 Qe7 19. Rfe1 Qb7 20. Ng1 Re7 21. d4
Rae8 22. d5 Bd7 23. Bd2 Nf6 24. Rxe7 Rxe7 25. Qf3 Be8 26. Bc1 Bf7 27. g4 Ne4
28. g5 b5 29. Nxe4 Rxe4 30. Ne2 Bxd5 31. Qd3 Bf7 32. c3 Bxb3 0-1

[Event "Valencia tch - Division de Honor"]
[Site "Comunidad Valenciana"]
[Date "2009.02.07"]
[Round "5.4"]
[White "Marin Corresa, Arturo"]
[Black "Deruelle Sala, Albert"]
[Result "1-0"]
[WhiteElo "2180"]
[BlackElo "2117"]
[PlyCount "131"]
[EventDate "2009.01.10"]
[EventType "team"]
[EventRounds "9"]
[EventCountry "ESP"]
[Source "lmi"]
[SourceDate "2009.01.10"]
[WhiteTeam "Burjassot"]
[BlackTeam "Oliva"]

1. d4 d5 2. c4 Nc6 3. e3 e5 4. dxe5 Bb4+ 5. Bd2 dxc4 6. Bxc4 Bxd2+ 7. Nxd2 Nxe5
8. Qa4+ c6 9. Qb3 Qa5 10. Ngf3 Nxc4 11. Qxc4 Be6 12. Qc2 Nf6 13. O-O O-O 14.
Nd4 Bg4 15. h3 Bh5 16. Nc4 Qc7 17. Rac1 Bg6 18. Qb3 Be4 19. Rfd1 Bd5 20. Qa3
Rfd8 21. Na5 Rd7 22. b4 Qe5 23. Ne2 Rad8 24. Rd4 Ne4 25. Rcd1 Qf6 26. Nf4 Qh4
27. Qb2 Qg5 28. f3 Nf6 29. Qf2 Qe5 30. Nxd5 cxd5 31. Nb3 b6 32. g4 h6 33. Kg2
Rc8 34. R1d2 Rdc7 35. R4d3 Rc3 36. Nd4 a6 37. Qg3 Qe7 38. a3 a5 39. Rxc3 Rxc3
40. Nf5 Qe6 41. Qb8+ Kh7 42. bxa5 bxa5 43. Rb2 Qc6 44. Kg3 Qc5 45. Rb7 Kg6 46.
Qe5 d4 47. Qxc5 Rxc5 48. exd4 Rc3 49. h4 h5 50. Ne7+ Kh7 51. g5 Ne4+ 52. Kf4
Nd2 53. d5 Rxf3+ 54. Ke5 Rxa3 55. Nf5 Kg6 56. Ne7+ Kh7 57. Nf5 Rd3 58. Rxf7 a4
59. Rxg7+ Kh8 60. Ra7 Nc4+ 61. Ke6 Nb6 62. Rb7 Nxd5 63. g6 Nf4+ 64. Kf6 Rd8 65.
Rh7+ Kg8 66. Ne7+ 1-0

[Event "Valencia tch - Division de Honor"]
[Site "Comunidad Valenciana"]
[Date "2009.02.07"]
[Round "5.5"]
[White "Reig Muñoz, Jose Enrique"]
[Black "Quiñonero Simon, Jose"]
[Result "1/2-1/2"]
[WhiteElo "2063"]
[BlackElo "2207"]
[PlyCount "30"]
[EventDate "2009.01.10"]
[EventType "team"]
[EventRounds "9"]
[EventCountry "ESP"]
[Source "lmi"]
[SourceDate "2009.01.10"]
[WhiteTeam "Oliva"]
[BlackTeam "Burjassot"]

1. c4 e5 2. Nc3 Nc6 3. g3 g6 4. Bg2 Bg7 5. Nf3 d6 6. d3 Nge7 7. O-O O-O 8. Ne1
Be6 9. Nd5 Nd4 10. e3 Ndc6 11. Rb1 Qd7 12. Nc2 Nd8 13. d4 Nec6 14. b4 exd4 15.
exd4 Bf5 1/2-1/2

[Event "Valencia tch - Division de Honor"]
[Site "Comunidad Valenciana"]
[Date "2009.02.07"]
[Round "5.6"]
[White "Martinez Tormo, Jorge"]
[Black "Pous Bargues, Jose Manuel"]
[Result "0-1"]
[WhiteElo "2182"]
[BlackElo "2115"]
[PlyCount "92"]
[EventDate "2009.01.10"]
[EventType "team"]
[EventRounds "9"]
[EventCountry "ESP"]
[Source "lmi"]
[SourceDate "2009.01.10"]
[WhiteTeam "Burjassot"]
[BlackTeam "Oliva"]

1. e4 e6 2. d4 d5 3. e5 c5 4. c3 Qb6 5. Nf3 Nc6 6. a3 a5 7. Bd3 Bd7 8. Bc2 Qa6
9. Be3 cxd4 10. cxd4 Nge7 11. Nc3 Ng6 12. h4 h5 13. Bd3 Qb6 14. O-O Nge7 15.
Rc1 Ng8 16. Na4 Qc7 17. Qb3 Be7 18. Nb6 Ra7 19. Nxd7 Kxd7 20. Bb5 Bd8 21. Qa4
Qb6 22. Bd2 Nge7 23. Rc2 Ke8 24. Bg5 Kf8 25. Rfc1 Ra8 26. Bxe7+ Nxe7 27. Ng5 f6
28. Nf3 Kf7 29. Bd7 Ng6 30. exf6 gxf6 31. Re1 Nf8 32. Rce2 Qd6 33. Be8+ Ke7 34.
Bb5 Rg8 35. Bd3 Kf7 36. Qd1 Bc7 37. Rc2 Rd8 38. Qc1 Bb8 39. Qh6 Qf4 40. Qxh5+
Ke7 41. Rd2 Kd6 42. Qf7 Qg4 43. g3 Rg7 44. Qxf6 Re7 45. Ne5 Qg8 46. Qf4 Rg7 0-1

[Event "Valencia tch - Division de Honor"]
[Site "Comunidad Valenciana"]
[Date "2009.02.07"]
[Round "5.7"]
[White "Blasco Frasquet, Raul"]
[Black "Gil Gimenez, Jose Vicente"]
[Result "1/2-1/2"]
[WhiteElo "2047"]
[BlackElo "2038"]
[PlyCount "72"]
[EventDate "2009.01.10"]
[EventType "team"]
[EventRounds "9"]
[EventCountry "ESP"]
[Source "lmi"]
[SourceDate "2009.01.10"]
[WhiteTeam "Oliva"]
[BlackTeam "Burjassot"]

1. c4 f5 2. Nc3 Nf6 3. g3 e6 4. Bg2 Be7 5. Nf3 O-O 6. O-O d5 7. d3 c6 8. e4 d4
9. Ne2 c5 10. exf5 exf5 11. Bd2 a5 12. b3 Nc6 13. a3 Ng4 14. b4 axb4 15. axb4
Rxa1 16. Qxa1 cxb4 17. Nfxd4 Bf6 18. Nxc6 bxc6 19. d4 c5 20. Qa7 Qe7 21. Qxe7
Bxe7 22. dxc5 Bxc5 23. Nf4 b3 24. Bd5+ Kh8 25. Nd3 Bd4 26. h3 Ne5 27. Nxe5 Bxe5
28. Bb4 Rd8 29. Rb1 b2 30. Kf1 Ba6 31. Ke1 Rxd5 32. cxd5 Bd3 33. Rd1 b1=Q 34.
Rxb1 Bxb1 35. d6 Bf6 36. Ba5 Bd3 1/2-1/2

[Event "Valencia tch - Division de Honor"]
[Site "Comunidad Valenciana"]
[Date "2009.02.07"]
[Round "5.8"]
[White "Garcia Maicas, Vicente Jose"]
[Black "Fullana Fuster, Pablo"]
[Result "1/2-1/2"]
[WhiteElo "2111"]
[BlackElo "1963"]
[PlyCount "44"]
[EventDate "2009.01.10"]
[EventType "team"]
[EventRounds "9"]
[EventCountry "ESP"]
[Source "lmi"]
[SourceDate "2009.01.10"]
[WhiteTeam "Burjassot"]
[BlackTeam "Oliva"]

1. d4 d5 2. Bf4 Nf6 3. e3 e6 4. Bd3 c5 5. c3 Nc6 6. Nd2 cxd4 7. exd4 Bd6 8. Bg3
e5 9. dxe5 Nxe5 10. Bxe5 Bxe5 11. Ngf3 Bc7 12. O-O O-O 13. h3 Qd6 14. Re1 Bd7
15. Nf1 Rfe8 16. Qc2 Qf4 17. Qd2 Nh5 18. Bc2 Qxd2 19. N1xd2 Nf4 20. Nd4 Ne6 21.
N2f3 Nxd4 22. Nxd4 Bb6 1/2-1/2

[Event "Valencia tch - Division de Honor"]
[Site "Comunidad Valenciana"]
[Date "2009.02.07"]
[Round "5.2"]
[White "Sanchez Guirado, Francisco"]
[Black "Garcia Roman, Daniel"]
[Result "0-1"]
[WhiteElo "2415"]
[BlackElo "2446"]
[PlyCount "64"]
[EventDate "2009.01.10"]
[EventType "team"]
[EventRounds "9"]
[EventCountry "ESP"]
[Source "lmi"]
[SourceDate "2009.01.10"]
[WhiteTeam "Alzicap"]
[BlackTeam "Mislata"]

1. d4 Nf6 2. Nf3 c5 3. d5 b5 4. Bg5 Bb7 5. c4 Ne4 6. Bf4 bxc4 7. Nc3 Qa5 8. Bd2
Nxd2 9. Nxd2 Ba6 10. e4 g6 11. Bxc4 Bg7 12. O-O O-O 13. Qe2 d6 14. Rfc1 Bxc4
15. Nxc4 Qa6 16. a4 Nd7 17. Nb5 Rab8 18. Ra3 Nb6 19. Qd2 Nxc4 20. Rxc4 Qb6 21.
Rb3 a6 22. Nd4 Qc7 23. Rxb8 Rxb8 24. Nc6 Rxb2 25. Rc2 Rb1+ 26. Rc1 Rb3 27. Qa2
Rb2 28. Qc4 Qb7 29. h3 Bf6 30. Re1 Rd2 31. Re2 Qb1+ 32. Kh2 Qf1 0-1

[Event "Valencia tch - Division de Honor"]
[Site "Comunidad Valenciana"]
[Date "2009.02.07"]
[Round "5.3"]
[White "Vassallo Barroche, Mauricio"]
[Black "Ibañez Aullana, Jose Ramon"]
[Result "1/2-1/2"]
[WhiteElo "2423"]
[BlackElo "2308"]
[PlyCount "30"]
[EventDate "2009.01.10"]
[EventType "team"]
[EventRounds "9"]
[EventCountry "ESP"]
[Source "lmi"]
[SourceDate "2009.01.10"]
[WhiteTeam "Mislata"]
[BlackTeam "Alzicap"]

1. d4 Nf6 2. Nf3 e6 3. c4 d5 4. g3 Be7 5. Bg2 O-O 6. O-O b6 7. Ne5 Bb7 8. Nc3
Na6 9. Bf4 c5 10. cxd5 exd5 11. Rc1 Nc7 12. dxc5 bxc5 13. Qa4 Ne6 14. Rfd1 g5
15. Be3 Qc7 1/2-1/2

[Event "Valencia tch - Division de Honor"]
[Site "Comunidad Valenciana"]
[Date "2009.02.07"]
[Round "5.4"]
[White "Mullor Gomez, Luis"]
[Black "Sanchez Romero, Miguel Angel"]
[Result "1/2-1/2"]
[WhiteElo "2353"]
[BlackElo "2235"]
[PlyCount "61"]
[EventDate "2009.01.10"]
[EventType "team"]
[EventRounds "9"]
[EventCountry "ESP"]
[Source "lmi"]
[SourceDate "2009.01.10"]
[WhiteTeam "Alzicap"]
[BlackTeam "Mislata"]

1. e4 e5 2. Nc3 Nf6 3. Bc4 Nc6 4. d3 Na5 5. Nge2 c6 6. a4 Nxc4 7. dxc4 Bc5 8.
O-O d6 9. Qd3 Be6 10. b3 O-O 11. Be3 Bxe3 12. Qxe3 Ng4 13. Qd3 f5 14. h3 Nh6
15. Rad1 f4 16. Qxd6 Qf6 17. f3 Nf7 18. Qc5 g5 19. a5 a6 20. Rd3 h5 21. Qb6 Qe7
22. Na4 g4 23. fxg4 Ng5 24. Nc5 hxg4 25. Nxe6 Qxe6 26. hxg4 Rf7 27. Rd8+ Rf8
28. Rxa8 Rxa8 29. Rd1 Qxg4 30. Rd8+ Rxd8 31. Qxd8+ 1/2-1/2

[Event "Valencia tch - Division de Honor"]
[Site "Comunidad Valenciana"]
[Date "2009.02.07"]
[Round "5.5"]
[White "Pena Riasco, Alexander"]
[Black "Toledano Llinares, Juan Antonio"]
[Result "1-0"]
[WhiteElo "2228"]
[BlackElo "2334"]
[PlyCount "90"]
[EventDate "2009.01.10"]
[EventType "team"]
[EventRounds "9"]
[EventCountry "ESP"]
[Source "lmi"]
[SourceDate "2009.01.10"]
[WhiteTeam "Mislata"]
[BlackTeam "Alzicap"]

1. e4 c5 2. Nf3 Nc6 3. d4 cxd4 4. Nxd4 Nf6 5. Nc3 d6 6. Be3 e5 7. Nde2 Be7 8.
f3 Be6 9. Nd5 O-O 10. Nec3 a6 11. Bb6 Qd7 12. a3 Bd8 13. Be3 Rc8 14. Rc1 Re8
15. Be2 Nd4 16. O-O Nxd5 17. Nxd5 Bxd5 18. exd5 Nf5 19. Bf2 Bg5 20. Rb1 Qc7 21.
Bd3 Ne7 22. c4 Qd7 23. Qc2 g6 24. Rbd1 Nf5 25. Bxf5 Qxf5 26. Qb3 Qd7 27. Qd3
Qa4 28. b4 a5 29. Rb1 axb4 30. Rxb4 Qa6 31. Rfb1 Re7 32. Rb5 Rec7 33. R1b4 Kg7
34. a4 Rd7 35. g3 Bd8 36. f4 Bf6 37. Bb6 Qa8 38. f5 Re8 39. fxg6 hxg6 40. Qe4
Bg5 41. Qg4 f5 42. Qxg5 Rh8 43. c5 dxc5 44. Rxc5 Qa6 45. Qe3 Re8 1-0

[Event "Valencia tch - Division de Honor"]
[Site "Comunidad Valenciana"]
[Date "2009.02.07"]
[Round "5.6"]
[White "Mezcua Coronil, Felix"]
[Black "Pavia Miralles, Jose Manuel"]
[Result "0-1"]
[WhiteElo "2252"]
[BlackElo "2222"]
[PlyCount "74"]
[EventDate "2009.01.10"]
[EventType "team"]
[EventRounds "9"]
[EventCountry "ESP"]
[Source "lmi"]
[SourceDate "2009.01.10"]
[WhiteTeam "Alzicap"]
[BlackTeam "Mislata"]

1. e4 c5 2. Nc3 e6 3. f4 Nc6 4. Nf3 Nge7 5. Bb5 a6 6. Bxc6 Nxc6 7. O-O Be7 8.
d3 O-O 9. Ne5 Nd4 10. Ne2 d5 11. c3 Nxe2+ 12. Qxe2 dxe4 13. dxe4 f6 14. Nf3 Bd7
15. Rd1 Qc8 16. c4 Bc6 17. Bd2 Qc7 18. g3 b6 19. Bc3 Qb7 20. Re1 Rad8 21. Kf2
b5 22. b3 Rd7 23. Rac1 b4 24. Bb2 Rfd8 25. Rc2 a5 26. f5 exf5 27. exf5 Bf8 28.
Rd2 Re8 29. Qxe8 Rxd2+ 30. Nxd2 Bxe8 31. Rxe8 Qd7 32. Re2 Qxf5+ 33. Kg2 Qd3 34.
Kf2 Kf7 35. Nf3 a4 36. Re3 Qb1 37. Re2 a3 0-1

[Event "Valencia tch - Division de Honor"]
[Site "Comunidad Valenciana"]
[Date "2009.02.07"]
[Round "5.7"]
[White "Valero Perez, Fco. Javier"]
[Black "Reig Albero, Ferran"]
[Result "1-0"]
[WhiteElo "2182"]
[BlackElo "2162"]
[PlyCount "57"]
[EventDate "2009.01.10"]
[EventType "team"]
[EventRounds "9"]
[EventCountry "ESP"]
[Source "lmi"]
[SourceDate "2009.01.10"]
[WhiteTeam "Mislata"]
[BlackTeam "Alzicap"]

1. d4 Nf6 2. c3 e6 3. Nf3 b6 4. Bf4 Bb7 5. e3 Be7 6. h3 c5 7. Nbd2 O-O 8. Bd3
Nc6 9. Qe2 d6 10. O-O Re8 11. e4 a6 12. e5 Nd5 13. Bg3 cxd4 14. cxd4 dxe5 15.
dxe5 Ncb4 16. Be4 a5 17. a3 Na6 18. Bd3 Nc5 19. Bb5 Rf8 20. Rfd1 Qc7 21. Rac1
Bc6 22. Nd4 Bxb5 23. Nxb5 Qb7 24. Nf3 Qa6 25. Nfd4 Rac8 26. Qg4 Nb3 27. Nxe6
fxe6 28. Qxe6+ Kh8 29. Rxc8 1-0

[Event "Valencia tch - Division de Honor"]
[Site "Comunidad Valenciana"]
[Date "2009.02.07"]
[Round "5.8"]
[White "Clari Mascarell, Jose Javier"]
[Black "Macian, Estelles Jose Mª"]
[Result "1/2-1/2"]
[WhiteElo "2167"]
[BlackElo "2192"]
[PlyCount "53"]
[EventDate "2009.01.10"]
[EventType "team"]
[EventRounds "9"]
[EventCountry "ESP"]
[Source "lmi"]
[SourceDate "2009.01.10"]
[WhiteTeam "Alzicap"]
[BlackTeam "Mislata"]

1. d4 d5 2. Nf3 Nf6 3. Bg5 Nbd7 4. e3 c6 5. c3 h6 6. Bh4 g5 7. Bg3 Ne4 8. Bd3
Nxg3 9. hxg3 Bg7 10. Nbd2 c5 11. Qe2 a6 12. e4 cxd4 13. Nxd4 Nc5 14. Nf5 Bxf5
15. exf5 Nxd3+ 16. Qxd3 d4 17. c4 Qd6 18. O-O O-O 19. Rfe1 Rfe8 20. Rad1 Rad8
21. Nb3 Rd7 22. Re4 Red8 23. a3 b6 24. Nd2 Qf6 25. g4 a5 26. a4 Qc6 27. b3
1/2-1/2

[Event "Valencia tch - Division de Honor"]
[Site "Comunidad Valenciana"]
[Date "2009.02.07"]
[Round "5.1"]
[White "Garcia Molla, Victor"]
[Black "Movsziszian, Karen"]
[Result "0-1"]
[WhiteElo "2332"]
[BlackElo "2564"]
[PlyCount "74"]
[EventDate "2009.01.10"]
[EventType "team"]
[EventRounds "9"]
[EventCountry "ESP"]
[Source "lmi"]
[SourceDate "2009.01.10"]
[WhiteTeam "Ateneo Maritimo"]
[BlackTeam "Alfas del Pi - Servicar"]

1. d4 d6 2. e4 Nf6 3. f3 Nbd7 4. c4 e5 5. d5 Be7 6. Be3 Nh5 7. g3 Bg5 8. Bf2 g6
9. h4 Bh6 10. Bd3 O-O 11. g4 Nf4 12. g5 Bg7 13. Nc3 f6 14. gxf6 Nxf6 15. Bf1
N6h5 16. Qd2 Bh6 17. Be3 c5 18. O-O-O a6 19. Rh2 Bd7 20. Nh3 b5 21. Nf2 Rb8 22.
Ng4 Bg7 23. Nb1 Ng3 24. Qe1 Nxf1 25. Qxf1 h5 26. Nf2 bxc4 27. Nc3 Qa5 28. Qxc4
Rb4 29. Qf1 Rxb2 30. Kxb2 Rb8+ 31. Kc2 Ba4+ 32. Kd2 Rb2+ 33. Ke1 Qxc3+ 34. Bd2
Rxd2 35. Rxd2 Qe3+ 36. Re2 Qc1+ 37. Nd1 Nd3# 0-1

[Event "Valencia tch - Division de Honor"]
[Site "Comunidad Valenciana"]
[Date "2009.02.07"]
[Round "5.3"]
[White "Plaza Pardo, Daniel"]
[Black "Arizmendi Martinez, Julen Luis"]
[Result "0-1"]
[WhiteElo "2205"]
[BlackElo "2498"]
[PlyCount "88"]
[EventDate "2009.01.10"]
[EventType "team"]
[EventRounds "9"]
[EventCountry "ESP"]
[Source "lmi"]
[SourceDate "2009.01.10"]
[WhiteTeam "Ateneo Maritimo"]
[BlackTeam "Alfas del Pi - Servicar"]

1. e4 e6 2. d4 d5 3. Nc3 Bb4 4. e5 Ne7 5. a3 Bxc3+ 6. bxc3 c5 7. Qg4 Kf8 8. Bd3
Qa5 9. Bd2 Qa4 10. Ra2 b6 11. h4 Ba6 12. Rh3 Bxd3 13. Rxd3 Nbc6 14. Nf3 c4 15.
Re3 Qb5 16. Ra1 Qb2 17. Rc1 Nf5 18. Re2 h5 19. Qf4 Qxa3 20. Ng5 b5 21. Re3 Qb2
22. Rf3 a5 23. g4 hxg4 24. Qxg4 Rxh4 25. Nxe6+ fxe6 26. Qxh4 Kf7 27. Qh7 Nce7
28. Ke2 b4 29. Rh1 Rf8 30. Rh6 Qxc2 31. Rxf5+ exf5 32. Rf6+ Ke8 33. Qh5+ g6 34.
Qh6 Rxf6 35. exf6 bxc3 36. Qh8+ Kd7 37. Qg7 Qd3+ 38. Ke1 cxd2+ 39. Kd1 Qf1+ 40.
Kxd2 Qxf2+ 41. Kc3 Qe3+ 42. Kc2 Qe2+ 43. Kc3 Qd3+ 44. Kb2 Qxd4+ 0-1

[Event "Valencia tch - Division de Honor"]
[Site "Comunidad Valenciana"]
[Date "2009.02.07"]
[Round "5.4"]
[White "Granero Roca, Antonio"]
[Black "Torres Garrigos, David"]
[Result "1/2-1/2"]
[WhiteElo "2386"]
[BlackElo "2165"]
[PlyCount "122"]
[EventDate "2009.01.10"]
[EventType "team"]
[EventRounds "9"]
[EventCountry "ESP"]
[Source "lmi"]
[SourceDate "2009.01.10"]
[WhiteTeam "Alfas del Pi - Servicar"]
[BlackTeam "Ateneo Maritimo"]

1. c4 e6 2. Nf3 d5 3. d4 c6 4. Qc2 f5 5. g3 Nf6 6. Bg2 Be7 7. O-O O-O 8. Nc3
Qe8 9. Ne5 Qh5 10. f4 Nbd7 11. Bf3 Qh3 12. e3 Nxe5 13. fxe5 Ne4 14. Bg2 Qh6 15.
Nxe4 fxe4 16. Rxf8+ Bxf8 17. Qb3 Qh5 18. Qc2 Bd7 19. Bd2 Be7 20. Re1 Rc8 21.
Qa4 a6 22. cxd5 b5 23. Qxa6 exd5 24. a4 Qe8 25. axb5 Ra8 26. Qb7 Rb8 27. Qc7
Rxb5 28. Bc3 Rb8 29. Qa7 Ra8 30. Qb7 Bg5 31. Qb3 Qg6 32. Bb4 h5 33. Bd6 h4 34.
Qc2 Bxe3+ 35. Rxe3 Ra1+ 36. Kf2 Qf7+ 37. Bf3 Bg4 38. e6 Bxe6 39. Bf4 exf3 40.
Qxc6 Bh3 41. Rxf3 Rf1+ 42. Ke3 Rxf3+ 43. Kxf3 g5 44. Qh6 gxf4 45. Qg5+ Kf8 46.
Qd8+ Kg7 47. Qg5+ Kf8 48. Qxf4 hxg3 49. Qxf7+ Kxf7 50. Kxg3 Bf1 51. Kf4 Ke6 52.
Kg5 Bd3 53. h4 Bc2 54. h5 Bd3 55. h6 Bc2 56. b4 Be4 57. b5 Kd6 58. Kf6 Kc7 59.
Ke5 Kb6 60. h7 Bxh7 61. Kxd5 Bg8+ 1/2-1/2

[Event "Valencia tch - Division de Honor"]
[Site "Comunidad Valenciana"]
[Date "2009.02.07"]
[Round "5.5"]
[White "Monmeneu Chulia, Victor"]
[Black "Cano Sanchez, Josue"]
[Result "0-1"]
[WhiteElo "2147"]
[BlackElo "2273"]
[PlyCount "104"]
[EventDate "2009.01.10"]
[EventType "team"]
[EventRounds "9"]
[EventCountry "ESP"]
[Source "lmi"]
[SourceDate "2009.01.10"]
[WhiteTeam "Ateneo Maritimo"]
[BlackTeam "Alfas del Pi - Servicar"]

1. e4 d6 2. Nc3 e5 3. g3 Nc6 4. Bg2 g6 5. d3 Bg7 6. Be3 Nd4 7. Qd2 Ne7 8. Nce2
h5 9. h3 d5 10. c3 Ne6 11. d4 dxe4 12. Bxe4 exd4 13. Nxd4 Nxd4 14. Bxd4 Bxd4
15. cxd4 c6 16. O-O-O Be6 17. Kb1 Qd7 18. Nf3 Bf5 19. Qf4 Bxe4+ 20. Qxe4 O-O-O
21. Ne5 Qe6 22. Rhe1 Rhf8 23. Re3 f6 24. Nf3 Qxe4+ 25. Rxe4 Rf7 26. Kc2 Nf5 27.
Rf4 Nd6 28. h4 Re8 29. Re1 Rxe1 30. Nxe1 Kd7 31. Nd3 b6 32. a4 Ke6 33. Rf3 Rd7
34. Nf4+ Kf7 35. Rd3 Ne4 36. Nh3 Rd5 37. b4 Rf5 38. f4 Rd5 39. Ng1 Ke6 40. Ne2
Kf5 41. Nc3 Nxc3 42. Kxc3 a5 43. bxa5 Rxa5 44. Kb4 Rd5 45. Kc4 b5+ 46. axb5
Rxb5 47. d5 Rxd5 48. Rxd5+ cxd5+ 49. Kxd5 Kg4 50. Ke6 f5 51. Kf6 Kxg3 52. Kxg6
Kg4 0-1

[Event "Valencia tch - Division de Honor"]
[Site "Comunidad Valenciana"]
[Date "2009.02.07"]
[Round "5.6"]
[White "Sanchez Barbado, Carlos"]
[Black "Gonzalez Aguirre, Luis"]
[Result "1/2-1/2"]
[WhiteElo "2148"]
[BlackElo "2120"]
[PlyCount "138"]
[EventDate "2009.01.10"]
[EventType "team"]
[EventRounds "9"]
[EventCountry "ESP"]
[Source "lmi"]
[SourceDate "2009.01.10"]
[WhiteTeam "Alfas del Pi - Servicar"]
[BlackTeam "Ateneo Maritimo"]

1. e4 c6 2. d4 d5 3. Nc3 g6 4. Nf3 Bg4 5. Be2 Bg7 6. Be3 dxe4 7. Nxe4 Nd7 8. h3
Bxf3 9. Bxf3 Ngf6 10. O-O O-O 11. c4 Nxe4 12. Bxe4 e5 13. d5 Nf6 14. Bg5 Qb6
15. Bxf6 Bxf6 16. dxc6 bxc6 17. Qf3 Kg7 18. Bxc6 Rac8 19. Bd5 Qxb2 20. Rab1 Qd2
21. Rb7 e4 22. Qxe4 Rce8 23. Rxf7+ Kh6 24. Qf3 Rxf7 25. Bxf7 Re1 26. Rxe1 Qxe1+
27. Kh2 Kg7 28. Bd5 Qd2 29. a3 Bd4 30. Qf7+ Kh6 31. Qf8+ Bg7 32. Qf7 Bd4 33.
Kg3 Qg5+ 34. Kf3 Qh5+ 35. Ke4 Qe5+ 36. Kd3 Bc5 37. Qf3 Qd4+ 38. Kc2 Kg7 39. Qc3
Qxc3+ 40. Kxc3 Kf6 41. f3 Bxa3 42. Kd4 g5 43. Be4 h6 44. Kd5 Ke7 45. Bf5 Kd8
46. g4 Kc7 47. Ke6 Kc6 48. Kf7 Kc5 49. Kg7 Kxc4 50. Kxh6 Be7 51. h4 gxh4 52. g5
Kd4 53. g6 Bf6 54. Kh5 Ke5 55. Kg4 Bg7 56. Bd3 a5 57. f4+ Kf6 58. Kxh4 Bf8 59.
Bc2 Kg7 60. Kg5 Be7+ 61. Kf5 Bf6 62. Ba4 Bb2 63. Kg5 Bf6+ 64. Kh5 Bb2 65. f5
Bf6 66. Kg4 Bb2 67. Kf4 Bf6 68. Ke4 Bb2 69. Kd5 Bf6 1/2-1/2

[Event "Valencia tch - Division de Honor"]
[Site "Comunidad Valenciana"]
[Date "2009.02.07"]
[Round "5.7"]
[White "Soler Di Benedetto, Sandra"]
[Black "Del Valle Domenech, Rafael"]
[Result "0-1"]
[WhiteElo "2024"]
[BlackElo "2137"]
[PlyCount "74"]
[EventDate "2009.01.10"]
[EventType "team"]
[EventRounds "9"]
[EventCountry "ESP"]
[Source "lmi"]
[SourceDate "2009.01.10"]
[WhiteTeam "Ateneo Maritimo"]
[BlackTeam "Alfas del Pi - Servicar"]

1. e4 c5 2. Nc3 Nc6 3. f4 g6 4. Nf3 Bg7 5. Bc4 e6 6. O-O Nge7 7. d3 a6 8. a4
O-O 9. Qe1 d5 10. Bb3 Nd4 11. Nxd4 cxd4 12. Nd1 dxe4 13. dxe4 d3 14. cxd3 Qb6+
15. Be3 Qxb3 16. Qd2 Nc6 17. Ra3 Qb4 18. Qxb4 Nxb4 19. Bc5 Nc2 20. Bxf8 Kxf8
21. Rb3 Nd4 22. Rb4 Nc6 23. Rc4 Bd4+ 24. Kh1 Bd7 25. Nc3 Rb8 26. a5 Bxc3 27.
bxc3 Nxa5 28. Rc7 Ke7 29. Ra1 Nc6 30. Rb1 b5 31. d4 Kd6 32. Rxd7+ Kxd7 33. Kg1
Na5 34. Kf2 Nc4 35. Ke2 g5 36. Kd3 f5 37. e5 Kc6 0-1

[Event "Valencia tch - Division de Honor"]
[Site "Comunidad Valenciana"]
[Date "2009.02.07"]
[Round "5.8"]
[White "Navarro Lopez-Menchero, Daniel"]
[Black "Ribera Perez, Miguel"]
[Result "1-0"]
[WhiteElo "2059"]
[BlackElo "2135"]
[PlyCount "81"]
[EventDate "2009.01.10"]
[EventType "team"]
[EventRounds "9"]
[EventCountry "ESP"]
[Source "lmi"]
[SourceDate "2009.01.10"]
[WhiteTeam "Alfas del Pi - Servicar"]
[BlackTeam "Ateneo Maritimo"]

1. e4 d5 2. exd5 Qxd5 3. Nc3 Qa5 4. d4 Nf6 5. Bd2 c6 6. Bc4 Bf5 7. Nd5 Qd8 8.
Nxf6+ gxf6 9. Nf3 e6 10. c3 Nd7 11. Nh4 Nb6 12. Bb3 Bg6 13. O-O f5 14. Nf3 Bh5
15. Re1 Qd7 16. a4 a5 17. c4 Bg7 18. Bc3 O-O 19. Qd3 Bxf3 20. Qxf3 Rfe8 21.
Rad1 Nc8 22. d5 cxd5 23. Qg3 f6 24. Bxf6 Qf7 25. Bxg7 Qxg7 26. cxd5 Qxg3 27.
hxg3 Ra6 28. Rxe6 Raxe6 29. dxe6 Ne7 30. Rd6 Kg7 31. Rd7 Kf6 32. Rxb7 Rc8 33.
Rb5 Rc1+ 34. Kh2 Nc6 35. Rb7 Ne5 36. f3 Rb1 37. e7 Rxb2 38. e8=Q Nxf3+ 39. Kh3
Ng5+ 40. Kh4 Nf3+ 41. Kh5 1-0

[Event "Valencia tch - Division de Honor"]
[Site "Comunidad Valenciana"]
[Date "2009.02.07"]
[Round "5.1"]
[White "Dolezal, Cristian"]
[Black "Alvarez Ibarra, Rafael"]
[Result "0-1"]
[WhiteElo "2411"]
[BlackElo "2377"]
[PlyCount "72"]
[EventDate "2009.01.10"]
[EventType "team"]
[EventRounds "9"]
[EventCountry "ESP"]
[Source "lmi"]
[SourceDate "2009.01.10"]
[WhiteTeam "Silla"]
[BlackTeam "C.M. Castellon"]

1. e4 c5 2. Nf3 Nc6 3. d4 cxd4 4. Nxd4 g6 5. c4 Nf6 6. Nc3 Nxd4 7. Qxd4 d6 8.
c5 Bg7 9. Bb5+ Bd7 10. Bxd7+ Qxd7 11. cxd6 O-O 12. e5 Ng4 13. Bf4 exd6 14.
O-O-O Qe6 15. Bg3 Bxe5 16. Bxe5 dxe5 17. Qd2 Qb6 18. Ne4 Qc6+ 19. Qc2 Qxc2+ 20.
Kxc2 f5 21. h3 fxe4 22. hxg4 Rxf2+ 23. Kb3 Raf8 24. Rd7 R8f7 25. Rd8+ Kg7 26.
Re8 Rxg2 27. Rxe5 Rxg4 28. a4 h5 29. a5 Rf5 30. Re7+ Kf6 31. Rxb7 Rxa5 32. Kb4
Ra6 33. Rf1+ Kg5 34. Rb5+ Kh6 35. Rf7 e3+ 36. Kc3 Re4 0-1